000 00452nam a2200181Ia 4500
001 11208
005 20260306161929.0
008 260306t2006||||xx |||||||||||||| ||spa||
041 _aESP
082 _a985.019
_bF77
100 _aFossa, Lydia
_eAUT
245 0 _aNarrativas problematicas:
_bLos inkas bajo la pluma española
260 _c2006
300 _a535 páginas :
_c23 cm.
650 _aGEN
654 _aCHU
942 _cLIB
_dJUS
_fJUS
_2ddc
_n
999 _c11208
_d11208